|
|
|
|
| LEADER |
00000nam a2200000 a 4500 |
| 001 |
vtls001319931 |
| 003 |
SK-MaSNL |
| 005 |
20260311121155.0 |
| 008 |
160115s1931 xr oab 0 100 cze |
| 035 |
|
|
|a SNK000272551
|
| 040 |
|
|
|a SNK
|b slo
|c SNK
|e AACR2
|
| 041 |
|
|
|a cze
|
| 044 |
|
|
|a xr
|c CZ
|
| 080 |
|
|
|a 32(091)(437)
|2 2001
|
| 245 |
1 |
0 |
|a Československá vlastivěda
|n Díl V
|p Stát
|c Vrchní redakce Václav Dědina ; odborná redkace Jan Kapras ; typografická úprava, vazba, obálka Jaroslav Benda
|
| 260 |
|
|
|a Praha
|b Sfinx, Bohumil Janda
|c 1931
|e Praha
|f Orbis
|
| 300 |
|
|
|a 706 s.
|b Fotogr. Mp. Tab.
|c 26 cm
|
| 500 |
|
|
|a Vychází pod protektorátem Masarykovy akademie práce
|
| 504 |
|
|
|a Bibliogr. odkazy. Reg.
|
| 650 |
0 |
7 |
|a vlastiveda
|2 SNKPH
|9 3887
|
| 650 |
0 |
7 |
|a štát
|2 SNKPH
|9 4689
|
| 651 |
|
7 |
|a Československo
|2 SNKPH
|9 21376
|
| 655 |
|
7 |
|a príručky
|2 SNKPH
|9 74364
|
| 700 |
1 |
|
|a Dědina, Václav,
|d 1870-1956
|4 red
|9 289594
|
| 700 |
1 |
|
|a Kapras, Jan,
|d 1880-1947
|4 red
|9 118116
|
| 700 |
1 |
|
|a Benda, Jaroslav
|4 bjd
|4 bdd
|4 bkd
|9 289596
|
| 958 |
|
|
|a OND
|
| 999 |
|
|
|c 545012
|d 546942
|
| 952 |
|
|
|a SNK
|b SNK
|y PREZ
|7 0
|p 17A0741197
|o snkSB 6404/5
|0 0
|1 0
|4 0
|d 2011-11-04
|f 1
|l 0
|r 2026-02-23 12:52:12
|w 2026-02-23
|
| 952 |
|
|
|a SNK
|b SNK
|y VYP
|7 0
|p 17A0495708
|o snkSB 6404/5 D2
|i snkK 3203/61
|3 rekatalogizácia
|0 0
|1 0
|4 0
|d 2006-02-02
|l 0
|r 2026-02-23 12:52:13
|w 2026-02-23
|
| 952 |
|
|
|t snkCSV/5 908(437)
|a SNKUST
|b SNKUST
|y PREZ
|7 0
|p 17A0081205
|o snkSB 6404/5 D1
|i snkK 2175/61
|8 3
|0 0
|1 0
|4 0
|d 1998-02-09
|l 0
|r 2025-05-29 00:00:00
|w 2026-02-23
|